<?xml version="1.0" encoding="UTF-8"?>
<record
    xmlns:xsi="http://www.w3.org/2001/XMLSchema-instance"
    xsi:schemaLocation="http://www.loc.gov/MARC21/slim http://www.loc.gov/standards/marcxml/schema/MARC21slim.xsd"
    xmlns="http://www.loc.gov/MARC21/slim">

  <leader>02303agaaa2200337   4500</leader>
  <controlfield tag="001">8584</controlfield>
  <controlfield tag="003">IT-RoPAU</controlfield>
  <controlfield tag="005">20220918181226.0</controlfield>
  <controlfield tag="007">d cvaizq</controlfield>
  <controlfield tag="008">50131s9999||||xx ||| |     ||   ||und||</controlfield>
  <datafield tag="040" ind1=" " ind2=" ">
    <subfield code="a">IT-RoPAU</subfield>
    <subfield code="c">IT-RoPAU</subfield>
  </datafield>
  <datafield tag="041" ind1=" " ind2=" ">
    <subfield code="a">ITALIANO</subfield>
  </datafield>
  <datafield tag="100" ind1=" " ind2=" ">
    <subfield code="a">Penn Sean</subfield>
    <subfield code="g">Codice regista SPICS: 58042</subfield>
    <subfield code="9">37996</subfield>
  </datafield>
  <datafield tag="130" ind1=" " ind2=" ">
    <subfield code="a">INTO THE WILD - NELLE TERRE SELVAGGE</subfield>
    <subfield code="9">37997</subfield>
  </datafield>
  <datafield tag="240" ind1=" " ind2=" ">
    <subfield code="a">INTO THE WILD</subfield>
    <subfield code="g">T3770</subfield>
  </datafield>
  <datafield tag="245" ind1=" " ind2=" ">
    <subfield code="a">INTO THE WILD - NELLE TERRE SELVAGGE</subfield>
    <subfield code="c">Prodotto da: Kelly J. Blocker D -- Sceneggiatura: Penn Sean -- Diretto da: Penn Sean</subfield>
    <subfield code="p">INTO THE WILD - NELLE TERRE SELVAGGE (Rif. Codice opera principale : H8584)</subfield>
  </datafield>
  <datafield tag="246" ind1=" " ind2=" ">
    <subfield code="a">INTO THE WILD</subfield>
  </datafield>
  <datafield tag="250" ind1=" " ind2=" ">
    <subfield code="a">Edizione Standard</subfield>
  </datafield>
  <datafield tag="260" ind1=" " ind2=" ">
    <subfield code="a">(USA)</subfield>
    <subfield code="b">PARAMOUNT VANTAGE - RIVER ROAD ENTERTAINM / Distribuzione: MONDADORI</subfield>
    <subfield code="g">"2007 (1&#xB0; ed.: 2009 ; Ed. Lingua Orig.: 2007)"</subfield>
  </datafield>
  <datafield tag="300" ind1=" " ind2=" ">
    <subfield code="a">DVD</subfield>
    <subfield code="b">sonoro, col.</subfield>
    <subfield code="c">144 minuti</subfield>
  </datafield>
  <datafield tag="508" ind1=" " ind2=" ">
    <subfield code="a">"Fotografia: Gautier Eric; Montaggio: Cassidy Jay Lash; Musica: Brook Michael; Sceneggiatura: Penn Sean; Scenografia: Hill Derk R.; "</subfield>
  </datafield>
  <datafield tag="511" ind1=" " ind2=" ">
    <subfield code="a">"Hirsch Emile; Harden Marcia; Gay; Hurt William; Malone Jena; Keener Catherine; Dierker"</subfield>
  </datafield>
  <datafield tag="520" ind1=" " ind2=" ">
    <subfield code="a">IL FILM RACCONTA LA VERA STORIA DI CHRISTOPHER MCCANDLESS, DETTO ALEX SUPERTRAMP. DOPO AVER CONSEGUITO LA LAUREA NEL 1992, CHRISTOPHER DECIDE DI ABBANDONARE OGNI COSA PER ANDARE A VIVERE TRA I GHIACCI DELL'ALASKA. E' UN MODODI METTERE ALLA PROVA LA SUA CAPACITA' DI VIVERE SENZA GLI ORPELLI (SOLDI,CARTE DI CREDITO, TELEFONINI, ECC.) CHE IL CONSUMISMO HA RESO INDISPENSABILI. PER RESISTERE ALLA VIOLENZA DEL SUO PUR RICCO AMBIENTE FAMILIARE SI E' NUTRITO FIN DALL'INFANZIA DEI LIBRI DI THOREAU, LONDON O TOLSTOJ, TUTTI QUEI GRANDI CHE, PUR ESSENDO INTELLETTUALI, HANNO SCELTO LA VITA A CONTATTO DELLA NATURA. NEL SUO PERCORSO INCONTRERA' PERSONAGGI CHE SEGUENDO ALTRI PERCORSI HANNO SCELTO DI FARE IL SUO STESSO CAMMINO E CHE LO SOSTERRANNO CON ILLORO AMORE.</subfield>
  </datafield>
  <datafield tag="538" ind1=" " ind2=" ">
    <subfield code="a">PAL, STEREO</subfield>
  </datafield>
  <datafield tag="546" ind1=" " ind2=" ">
    <subfield code="a">ITALIANO</subfield>
  </datafield>
  <datafield tag="650" ind1=" " ind2=" ">
    <subfield code="a">DRAMMA - AVVENTUR</subfield>
    <subfield code="e">DVD-FILM [DVD]</subfield>
    <subfield code="x">Codice MATERIA SPICS: 9947</subfield>
    <subfield code="9">37998</subfield>
  </datafield>
  <datafield tag="700" ind1=" " ind2=" ">
    <subfield code="a">Brook Michael</subfield>
    <subfield code="e">(musica)</subfield>
    <subfield code="g">Codice Musica SPICS: 13127</subfield>
    <subfield code="9">37999</subfield>
  </datafield>
  <datafield tag="700" ind1=" " ind2=" ">
    <subfield code="a">Krakauer Jon </subfield>
    <subfield code="e">(soggetto)</subfield>
    <subfield code="g">Codice Soggetto SPICS: 59418</subfield>
    <subfield code="9">38000</subfield>
  </datafield>
  <datafield tag="700" ind1=" " ind2=" ">
    <subfield code="a">Penn Sean </subfield>
    <subfield code="e">(regista)</subfield>
    <subfield code="g">Codice regista SPICS: 58042</subfield>
    <subfield code="9">38001</subfield>
  </datafield>
  <datafield tag="942" ind1=" " ind2=" ">
    <subfield code="c">DV</subfield>
    <subfield code="2">ddc</subfield>
  </datafield>
  <datafield tag="999" ind1=" " ind2=" ">
    <subfield code="c">104848</subfield>
    <subfield code="d">104848</subfield>
  </datafield>
  <datafield tag="952" ind1=" " ind2=" ">
    <subfield code="0">0</subfield>
    <subfield code="1">0</subfield>
    <subfield code="4">0</subfield>
    <subfield code="6">H_8584_000000000000000</subfield>
    <subfield code="7">1</subfield>
    <subfield code="a">SPICS</subfield>
    <subfield code="b">SPICS</subfield>
    <subfield code="d">2015-01-31</subfield>
    <subfield code="l">0</subfield>
    <subfield code="o">H8584</subfield>
    <subfield code="r">2015-01-31 00:00:00</subfield>
    <subfield code="w">2015-01-31</subfield>
    <subfield code="y">DV</subfield>
    <subfield code="z">Progr. Ins.: 3770 / N.Vol.:1 / Copie: 1 / Pag.:0 / Copia rara: n.d. / date import: 1.2.2015 / By Epidotti, Trombetti, Vaglietti</subfield>
  </datafield>
</record>
